|
|
|
|
| LEADER |
00899nam a22002652a 4500 |
| 001 |
001388173 |
| 003 |
CZ BrMZK |
| 005 |
20140519101342.0 |
| 007 |
ta |
| 008 |
140519s1961 xr af er|||||||||||cze d |
| 015 |
|
|
|a cnb000518180
|
| 035 |
|
|
|a (OCoLC)85337745
|
| 040 |
|
|
|a ABA001
|b cze
|c LIA001
|d ABA001
|d BOA001
|
| 080 |
9 |
|
|a 678.146.2.004.5:614.84(024)
|
| 100 |
1 |
|
|a Svoboda, Václav
|7 jx20040720186
|4 aut
|
| 245 |
1 |
0 |
|a Sušení a opravy požárních hadic /
|c Václav Svoboda
|
| 260 |
|
|
|a Praha :
|b Československý svaz požární ochrany,
|c 1961
|
| 300 |
|
|
|a 137, [1] s., obr. příl. :
|b il. ;
|c 8°
|
| 490 |
1 |
|
|a Knižnice požární ochrany ;
|v sv. 1
|
| 504 |
|
|
|a Obsahuje bibliografii
|
| 830 |
|
0 |
|a Knižnice požární ochrany
|
| 910 |
|
|
|a BOA001
|b 2-0471.619
|
| 990 |
|
|
|a BK
|
| 991 |
|
|
|b 201405
|
| 996 |
6 |
|
|b 2619068720
|c 2-0471.619
|l MZK
|r Sklad / do 24 hodin
|n 0
|w 001423326
|u 000010
|a 1
|e BOA001
|j MZK50
|s P
|